000 01308cam a22003011i 4500
003 SA-RiAUC
005 20250506091837.0
008 250423s1958____ua g b 000 0 ara c
040 _aSA-JeALM
_bara
_cSA-RiAUC
_erda
082 0 4 _a230.9
_qSA-RiAUC
090 _a230.9
_b ا ب و ز
100 1 _aأبو زهو، محمد محمد
_eمؤلف.
245 1 2 _aالحديث والمحدثون، أو، عناية الأمة الإسلامية بالسنة النبوية /
_cمحمد محمد أبي زهو.
246 3 3 _aعناية الأمة الإسلامية بالسنة النبوية
250 _aالطبعة الأولى.
264 1 _aالقاهرة :
_bمحمد محمد أبي زهو،
_c1958
264 3 _a[مكان الطبع غير محدد] :
_bمطبعة مصر
300 _a495،16 صفحة ؛
_c24 سم
336 _aنص
_btxt
_2rdacontent
_3كتاب
337 _aبدون وسيط
_bn
_2rdamedia
338 _aمجلد
_bnc
_2rdacarrier
500 _aإهداء من المؤلف محمد محمد أبو زهو بتاريخ 1398/6/24 هـ
504 _aيشتمل على إرجاعات ببليوجرافية.
650 7 _aالسنة
_xتاريخ
_2aucsh
650 7 _aالحديث
_xتاريخ
_2aucsh
942 _2ddc
_cBOOK
_n0
949 _aSA-JeALM
_d250423
_umohamedma123
_n1
999 _c7667
_d7667